Normal view
MARC view
- Pisano Luigi
Entry Personal Name
001 - CONTROL NUMBER
- control field: 3395
003 - CONTROL NUMBER IDENTIFIER
- control field: IT-RoPau
005 - DATE AND TIME OF LATEST TRANSACTION
- control field: 20131124164838.0
008 - FIXED-LENGTH DATA ELEMENTS
- fixed length control field: 131124|| aca||aabn | a|a d
040 ## - CATALOGING SOURCE
- Original cataloging agency: IT-RoPau
- Transcribing agency: IT-RoPau
100 ## - HEADING--PERSONAL NAME
- Personal name: Pisano Luigi
- Dates associated with a name: Codice autore testo/musica SPICS: 13579
- Relator term: Autore testo/musica
- Name of part/section of a work: La pansè
670 ## - SOURCE DATA FOUND
- Source citation: Work cat.: (IT-RoPau)100036: AA.VV. 794, Napoli (disco)